Nghệ Thuật chỉ đạo của Đảng kết thúc cuộc kháng chiến chống mỹ , cứu nước (1973 -1975)
Na minha lista:
| Autor principal: | |
|---|---|
| Formato: | Livro |
| Publicado em: |
Hà Nội
Quân đội nhân dân
2010
|
| Assuntos: | |
| Tags: |
Adicionar Tag
Sem tags, seja o primeiro a adicionar uma tag!
|
| Thư viện lưu trữ: | Trung tâm Học liệu Lê Vũ Hùng, Trường Đại học Đồng Tháp |
|---|
| LEADER | 00842pam a22002418a 4500 | ||
|---|---|---|---|
| 001 | 00041462 | ||
| 005 | 20180507080542.0 | ||
| 008 | 161027s2015 ||||||Viesd | ||
| 020 | # | # | |c 32000 |
| 041 | 0 | # | |a Vie |
| 082 | 1 | 4 | |b NGH250T |a 959.704 3 |
| 100 | 0 | # | |a Nguyễn, Xuân Tú |
| 245 | 0 | 0 | |a Nghệ Thuật chỉ đạo của Đảng kết thúc cuộc kháng chiến chống mỹ , cứu nước (1973 -1975) |c Nguyễn Xuân Tú |
| 260 | # | # | |a Hà Nội |b Quân đội nhân dân |c 2010 |
| 300 | # | # | |a 197 tr. |c 21 cm |
| 653 | # | # | |a Kháng chiến |
| 653 | # | # | |a Lịch sử |
| 653 | # | # | |a Mỹ |
| 653 | # | # | |a Việt nam |
| 653 | # | # | |a Đảng Cộng Sản |
| 852 | # | # | |j KM.0025923 |j KD.0023698 |
| 910 | |d 07/05/2018 | ||
| 980 | # | # | |a Trung tâm Học liệu Lê Vũ Hùng, Trường Đại học Đồng Tháp |